header

Quadrennial defense review (Record no. 163781)

MARC details
000 -LEADER
fixed length control field 01796nam a2200409 a 4500
082 04 - DEWEY DECIMAL CLASSIFICATION NUMBER
Classification number 355/.033573
245 00 - TITLE STATEMENT
Title Quadrennial defense review
260 ## - PUBLICATION, DISTRIBUTION, ETC. (IMPRINT)
Place of publication New York :
Name of publisher Nova Science Publishers, Inc.,
Year of publication c2011.
300 ## - PHYSICAL DESCRIPTION
Number of Pages viii, 186 p. :
Other physical details ill.
490 1# - SERIES STATEMENT
Series statement Defense, security and strategies
500 ## - GENERAL NOTE
General note Includes index.
505 0# - FORMATTED CONTENTS NOTE
Formatted contents note Quadrennial defense review 2010 : overview and implications for national security planning / Stephen Daggett -- Quadrennial defense review report / United States Department of Defense.
650 #0 - SUBJECT ADDED ENTRY--TOPICAL TERM
Topical Term National security
Topical Term Military planning
700 1# - ADDED ENTRY--PERSONAL NAME
Personal name Schullan, Tina M.
856 40 - ELECTRONIC LOCATION AND ACCESS
Uniform Resource Identifier http://site.ebrary.com/lib/rucke/Doc?id=10674916

No items available.

© 2026 Rongo University
Contact us: librarian | system librarian | Rongo university